| 000 | 00802nam0a22002291 4500 | ||
|---|---|---|---|
| 001 | rc\2979453 | ||
| 005 | 20260406122753.0 | ||
| 035 | _a(NLR Aleph) 007124957 | ||
| 090 |
_a6900617 _c6900617 |
||
| 100 | _a20110910d1934 |||y0rusy50 ca | ||
| 101 | 0 | _arus | |
| 102 | _aRU | ||
| 105 | _ay z ||||| | ||
| 200 | 1 |
_aК рассмотрению годовых отчетов торгующих организаций _fВсеукр. контора Гос. банка СССР |
|
| 210 |
_aХарьков _cБ. и. _d1934 |
||
| 215 |
_aОбл., 16 с. _d20 см |
||
| 710 | 0 | 1 |
_aСССР _bГосударственный банк _bУкраинская контора _3RU\NLR\AUTH\8815441 _9304075 |
| 801 | 0 |
_aRU _bNLR _gpsbo |
|
| 801 | 1 |
_aRU _bELAR _2rusmarc |
|
| 852 |
_aNLR _j34-9/2826 |
||
| 942 | _cBOOK | ||
| 980 | _aNB | ||